| Tag |
First Indicator |
Second Indicator |
Subfields |
| LEADER |
00000cam a2200000 a 4500 |
| 001 |
in00000030259 |
| 005 |
20151007060245.0 |
| 008 |
870814s1988 nbu b s00011 eng |
| 010 |
|
|
|a 87024148
|
| 020 |
|
|
|a 0803223390
|
| 035 |
|
|
|a (OCoLC)17233547
|
| 035 |
|
|
|9 AAC0423AM
|
| 040 |
|
|
|a DLC
|c DLC
|d TXA
|d UtOrBLW
|
| 041 |
1 |
|
|a eng
|h fre
|
| 049 |
|
|
|a TXAM
|c [A11691617]
|
| 050 |
0 |
0 |
|a PQ2668.Y83
|b M413 1988
|
| 082 |
0 |
|
|a 843/.914
|2 19
|
| 100 |
1 |
|
|a Hyvrard, Jeanne.
|
| 240 |
1 |
0 |
|a Mère la mort.
|l English
|
| 245 |
1 |
0 |
|a Mother death =
|b Mère la mort /
|c Jeanne Hyvrard ; translated with an afterword by Laurie Edson.
|
| 246 |
3 |
1 |
|a Mère la mort
|
| 264 |
|
1 |
|a Lincoln :
|b University of Nebraska Press,
|c [1988]
|
| 264 |
|
4 |
|c ©1988
|
| 300 |
|
|
|a 124 pages ;
|c 21 cm.
|
| 336 |
|
|
|a text
|b txt
|2 rdacontent
|
| 337 |
|
|
|a unmediated
|b n
|2 rdamedia
|
| 338 |
|
|
|a volume
|b nc
|2 rdacarrier
|
| 490 |
1 |
|
|a European women writers series
|
| 500 |
|
|
|a In English.
|
| 500 |
|
|
|a Translation of: Mère la mort.
|
| 504 |
|
|
|a Bibliography: pages 122-123.
|
| 740 |
0 |
|
|a Mère la mort.
|
| 830 |
|
0 |
|a European women writers series.
|
| 999 |
|
|
|a MARS
|
| 999 |
f |
f |
|s 4814e49f-49e1-3591-901c-59c71b28c6fd
|i d803d43d-57e8-3976-a30b-d79bc6e9d6ca
|t 0
|
| 952 |
f |
f |
|p ric
|a Texas A&M University
|b Rellis Campus
|c Joint Library Facility
|d Remote Storage
|t 0
|e PQ2668.Y83 M413 1988
|h Library of Congress classification
|i unmediated -- volume
|m A14811691617
|
| 998 |
f |
f |
|a PQ2668.Y83 M413 1988
|t 0
|l Remote Storage
|